000 00986nam a2200301Ia 4500
003 OSt
005 20221007124242.0
006 a|||||r|||| 00| 0
007 ta
008 221006b |||||||| |||| 00| 0 eng d
020 _a9781420078114 (hbd)
024 _a125695
037 _b3680, 24/02/2011, New India Book Agency
_cTextbook
040 _aCDL
_cCDL
_beng
041 _2eng
_aeng
082 _aEOaG:55, Q0;2 Carc
100 _aMatlack Albert S
_9718775
245 0 _aIntroduction to green chemistry
250 _a2
260 _aBoca
_bRaton CRC Press
_c2010
300 _axi, 587p.
_ccm.
500 _aIncludes bibliographical references.; Index 575-587p.
650 _a Environmental chemistry-industrial applications
_9718587
650 _a Environmental management
_9668177
650 _aChemistry
942 _hEOaG:55, Q0;2 Carc
_cTB
_2CC
999 _c1213259
_d1213259